Central Library OPAC University of Rajshahi

Personnel management in government : (Record no. 5945)

MARC details
000 -LEADER
fixed length control field 00981nam a2200289 a 4500
001 - CONTROL NUMBER
control field 5945
003 - CONTROL NUMBER IDENTIFIER
rucl marc code BD-RjUL
005 - DATE AND TIME OF LATEST TRANSACTION
control field 20211208234146.0
008 - FIXED-LENGTH DATA ELEMENTS--GENERAL INFORMATION
fixed length control field 161015s1992 nyua b 001 0 eng
020 ## - INTERNATIONAL STANDARD BOOK NUMBER
International Standard Book Number 0824785908 (alk. paper)
035 ## - SYSTEM CONTROL NUMBER
System control number (BD-RjUL)5984
040 ## - CATALOGING SOURCE
Original cataloging agency DLC
Transcribing agency DLC
Modifying agency BD-RjUL
Language of cataloging eng
041 ## - LANGUAGE CODE
Language code of text/sound track or separate title eng
082 00 - DEWEY DECIMAL CLASSIFICATION NUMBER
Edition number 23
Classification number 352.60973
Author mark and year PER 1992
245 10 - TITLE STATEMENT
Title Personnel management in government :
Remainder of title politics and process /
Statement of responsibility, etc. Jay M. Shafritz ... [et al.].
250 ## - EDITION STATEMENT
Edition statement 4th ed., rev. and expanded.
260 ## - PUBLICATION, DISTRIBUTION, ETC. (IMPRINT)
Place of publication, distribution, etc. New York :
Name of publisher, distributor, etc. M. Dekker,
Date of publication, distribution, etc. c1992.
300 ## - PHYSICAL DESCRIPTION
Pagination xiv, 553 p. :
Illustrations ill. ;
Size 23 cm.
504 ## - BIBLIOGRAPHY, ETC. NOTE
Bibliography, etc Includes bibliographical references and index.
650 #0 - SUBJECT ADDED ENTRY--TOPICAL TERM
Topical term or geographic name as entry element Civil service
Geographic subdivision United States
General subdivision Personnel management.
9 (RLIN) 16394
700 1# - ADDED ENTRY--PERSONAL NAME
Personal name Shafritz, Jay M.
Personal name Riccucci, Norma M.
Personal name Rosenbloom, David H.
Personal name Hyde, Albert C.
942 ## - ADDED ENTRY ELEMENTS (KOHA)
Source of classification or shelving scheme Dewey Decimal Classification
Koha item type Books
Holdings
Lost status Source of classification or shelving scheme Damaged status Not for loan Collection code Permanent Location Current Location Shelving location Date acquired Source of acquisition Cost, normal purchase price Total Checkouts Full call number Date last seen Copy number Koha item type
  Dewey Decimal Classification     Non-fiction Central Library, University of Rajshahi Central Library, University of Rajshahi   28/09/2010 Dhaka, Paragon Enterprises Ltd 59.75   352.60973 PER 1992 08/01/2014 C-3 Books
  Dewey Decimal Classification     Non-fiction Central Library, University of Rajshahi Central Library, University of Rajshahi   28/09/2010 Dhaka, Paragon Enterprises Ltd 59.75   352.60973 PER 1992 20/08/2016 C-2 Books
  Dewey Decimal Classification     Non-fiction Central Library, University of Rajshahi Central Library, University of Rajshahi   08/03/1999 Dhaka, karim International 2200.00   352.60973 PER 1992 16/10/2016 C-4 Books
  Dewey Decimal Classification   Not For Loan Non-fiction Central Library, University of Rajshahi Central Library, University of Rajshahi Reading Room 07/03/1999 Karim Ind. 2200.00   352.60973 PER 1992 28/12/2016 C-1 Books